Statistiche per Riconosci la Squadra di calcio - Quiz n°154

Clicka qui per fare il quiz!

Statistiche generali

  • Questo quiz è stato fatto 2 volte
  • Il punteggio medio è 4 su 10

Statistiche sulle risposte

IndizioRisposta% Corretto
SimboliAquila
100%
Colori socialiNero, bianco
100%
ConfederazioneUEFA
100%
Titoli nazionali1 Titolo di Germania
50%
Divisione nazionale 2023-2024Prima
50%
Fondazione1899
0%
Trofei internazionali2 Coppe UEFA/Europa League
0%
Capienza Stadio58 000 posti
0%
Trofei nazionali5 Coppe di Germania
0%
SquadraEintracht Francoforte
0%

Distribuzione punteggi

Percentile per numero di risposta

Percentuale di utenti per punteggio

I tuoi punteggi nel tempo

Non hai fatto questo quiz